| Registos Bibliográficos associados ao registo de autoridade |
|
Etiqueta de registo: 00254nam 2200025 450 001 2284015 003 http://id.bnportugal.gov.pt/bib/catbnp/2284015 010 ## $a978-989-595-001-0 021 ## $aPT$b557062/25 100 ## $a20260409d2025 m y0pory01030103ba 101 0# $apor 102 ## $aPT 105 ## $aa z 000yy 106 ## $ar 200 1# $aCais do Sodré - das tabernas de marinheiros à revolução Jamaica e Tokyo$fJoão Macdonald, Guiomar Belo Marques$gdesign Luís Carlos Amaro$gfot. Jorge Nogueira... [et al.] 205 ## $a1ª ed 210 #9 $a[S.l.$cs.n.],$d2025$gimp. (Guide - Artes Gráficas) 215 ## $a193, [4] p.$cil.$d25 cm 700 #1 $aMacdonald,$bJoão,$f1974-$31196485 701 #1 $aMarques,$bGuiomar Belo,$f1959-$4070$31995233 702 #1 $92$aNogueira,$bJorge$4600$3104540 702 #1 $aAmaro,$bLuís Carlos,$f1963-$4600$31922937 801 #0 $aPT$bBN$gRPC 966 ## $lBN$mFGMON$x1 966 ## $lBN$mFGMON$x1 971 ## $ccsilva$d20260409
|
|
|